|
|
|
|
| LEADER |
01104nam a2200265 a 4500 |
| 001 |
1947102 |
| 008 |
100714s2009 ii a b 000 0 eng d |
| 020 |
|
|
|a 8177229936
|
| 040 |
|
|
|a UV0
|c UV0
|d UV0
|d BD-DhAAL
|
| 082 |
0 |
0 |
|a 658.4/012
|2 22
|
| 100 |
1 |
|
|a Jham,Vimi.
|
| 245 |
1 |
0 |
|a Cases in management :
|b Indian and international perspectives/
|c Vimi Jham, Bindu Gupta and Poonam Garg.
|
| 250 |
|
|
|a [Indian text ed.].
|
| 260 |
|
|
|a New Delhi :
|b Biztantra,
|c 2009
|
| 300 |
|
|
|a xx,372 p. :
|b ill. ;
|c 25 cm.
|
| 504 |
|
|
|a Includes Bibliographical References.
|
| 541 |
1 |
|
|e 00020687
|
| 650 |
|
0 |
|a Management
|v Case studies.
|
| 650 |
|
0 |
|a Decision making
|v Case studies.
|
| 700 |
1 |
|
|a Gupta,Bindu.
|
| 700 |
1 |
|
|a Garg,Poonam.
|
| 852 |
4 |
|
|a Ayesha Abed Library
|j General shelf
|
| 999 |
|
|
|c 9344
|d 9344
|
| 952 |
|
|
|0 0
|1 0
|2 ddc
|4 0
|6 658_401200000000000_JHA_2009
|7 0
|9 12076
|a BRACUL
|b BRACUL
|c GEN
|d 2010-09-26
|l 0
|o 658.4012 JHA
|p 3010020687
|r 2010-09-26
|t 1
|w 2010-09-26
|y BK
|
| 952 |
|
|
|0 0
|1 0
|2 ddc
|4 0
|6 658_401200000000000_JHA
|7 0
|9 16009
|a BRACUL
|b BRACUL
|c GEN
|d 2011-04-07
|l 2
|m 2
|o 658.4012 JHA
|p 3010020689
|r 2013-05-19
|s 2013-03-21
|t 2
|w 2011-04-07
|y BK
|